|
|
|
|
| LEADER |
01128nam a2200265 a 4500 |
| 001 |
13930785 |
| 008 |
100719r20082005nyua b 001 0 eng d |
| 010 |
|
|
|a 2005047891
|
| 020 |
|
|
|a 9780070607378
|
| 020 |
|
|
|a 0071444742 (alk. paper)
|
| 040 |
|
|
|a DLC
|c DLC
|d DLC
|d DB-DhAAL
|
| 082 |
0 |
0 |
|a 621.3848
|2 22
|
| 100 |
1 |
|
|a Richards, M. A.
|q (Mark A.),
|d 1952-
|
| 245 |
1 |
0 |
|a Fundamentals of radar signal processing /
|c Mark A. Richards.
|
| 260 |
|
|
|a New York ;
|a New Delhi :
|b Tata McGraw-Hill,
|c 2005.[reprinted 2008]
|
| 300 |
|
|
|a xxviii, 513 p. :
|b ill. ;
|c 24 cm.
|
| 490 |
0 |
|
|a McGraw-Hill Electronic Enginnering
|
| 504 |
|
|
|a Includes bibliographical references and index.
|
| 541 |
1 |
|
|e 00018633
|
| 650 |
|
0 |
|a Radar.
|
| 650 |
|
0 |
|a Signal processing.
|
| 852 |
4 |
|
|a Ayesha Abed Library
|j General Shelf.
|
| 999 |
|
|
|c 9274
|d 9274
|
| 952 |
|
|
|0 0
|1 0
|2 ddc
|4 0
|6 621_384800000000000_RIC_2008
|7 0
|9 11774
|a BRACUL
|b BRACUL
|c GEN
|d 2010-08-26
|l 0
|o 621.3848 RIC
|p 3010018633
|r 2010-08-26
|t 1
|w 2010-08-26
|y BK
|
| 952 |
|
|
|0 0
|1 0
|2 ddc
|4 0
|6 621_384800000000000_RIC_2008
|7 0
|9 14548
|a BRACUL
|b BRACUL
|c GEN
|d 2011-03-05
|l 0
|o 621.3848 RIC
|p 3010018634
|r 2011-03-05
|t 2
|w 2011-03-05
|y BK
|